Regionálne disparity na Slovensku z aspektu priemernej nominálnej mzdy

Gespeichert in:
Bibliographische Detailangaben
1. Verfasser: Uramová, Mária
Weitere Verfasser: Kožiak, Radoslav
Format: Buchkapitel
Sprache:Englisch
Schlagworte:
Tags: Tag hinzufügen
Keine Tags, Fügen Sie das erste Tag hinzu!

MARC

LEADER 00000nla a2200000 4500
001 0206802
005 20240417075100.6
041 0 |a eng 
044 |a CZ 
245 1 0 |a Regionálne disparity na Slovensku z aspektu priemernej nominálnej mzdy  |c Mária Uramová, Radoslav Kožiak 
610 2 0 |a Slovensko 
610 2 0 |a mzdy nominálne 
610 2 0 |a mzdy priemerné 
610 2 0 |a disparita 
610 2 0 |a regióny 
610 2 0 |a politika regionálna 
610 2 0 |a Európska únia 
100 1 |a Uramová, Mária 
700 1 |a Kožiak, Radoslav